| 000 | 004780000a22001810004500 | ||
|---|---|---|---|
| 003 | MACL | ||
| 005 | 20150812154741.0 | ||
| 008 | 150812b xxu||||| |||| 00| 0 eng d | ||
| 040 |
_aMACL _cMACL |
||
| 041 | _aEnglish | ||
| 082 | _a370/RAJ | ||
| 100 |
_aRajan, Rajeswari Sunder _92157 |
||
| 245 |
_aThe Lie Of The Land _bEnglish Literary Studies In india |
||
| 260 |
_bOxford University Press _c1992 _aDelhi |
||
| 350 | _a250 | ||
| 650 |
_aEducation _95057 |
||
| 942 |
_cBK _k370 _2ddc |
||
| 999 |
_c3806 _d3806 |
||